书目信息 |
| 题名: |
技术引进与管理三百问
|
|
| 作者: | 陈连文 | |
| 分册: | ||
| 出版信息: | 中国东方图书公司 1985.12 |
|
| 页数: | 477页 | |
| 开本: | 19cm | |
| 丛书名: | ||
| 单 册: | ||
| 中图分类: | F4 | |
| 科图分类: | ||
| 主题词: | 工业经济 , 国际贸易 | |
| 电子资源: | ||
| ISBN: | ||
| 000 | 00564nam0 2200217 45 | |
| 001 | 0308271076 | |
| 005 | 20030827104345.6 | |
| 010 | @dRMB3.35 | |
| 091 | @a4099.549 | |
| 100 | @a20030827d1985 km y0chiy0120 ea | |
| 101 | @achi | |
| 105 | @a z 000yy | |
| 200 | 1 | @a技术引进与管理三百问@Aji shu yin jin yu guan li san bai wen@f陈连文@Fchen lian wen |
| 210 | @c中国东方图书公司@d1985.12 | |
| 215 | @a477页@c无图表@d19cm | |
| 606 | 0 | @a工业经济 |
| 606 | 0 | @a国际贸易 |
| 690 | @aF4@v3 | |
| 701 | 0 | @a陈连文 |
| 801 | @aCN@b@c20030827 | |
| 905 | @aBZT@dF4@e111 | |
| 技术引进与管理三百问/陈连文.-中国东方图书公司,1985.12 |
| 477页:无图表;19cm |
| ISBN :RMB3.35 |
| ● |
| 相关链接 |
|
|
|
正题名:技术引进与管理三百问
索取号:F4/111
 
预约/预借
| 序号 | 登录号 | 条形码 | 馆藏地/架位号 | 状态 | 备注 |
| 1 | 15251 | 200313133 | 中心书库北库/ 北库017架A面3列6层47/ [索取号:F4/111] | 在馆 | |
| 2 | 15252 | 200313160 | 中心书库北库/ 北库017架A面3列6层46/ [索取号:F4/111] | 在馆 | |
| 3 | 15253 | 200313142 | 中心书库北库/ 北库017架A面3列6层45/ [索取号:F4/111] | 在馆 |